000 00849nam a22002777a 4500
003 CHAP
005 20220329134654.0
008 971013s1909 r 00010 d
010 _a24013
011 _a24985
035 _a29085
040 _cCHAP
082 _a552.1
_bI33
100 0 0 _aIddings, Joseph Paxson.
_957286
245 _aIgneous rocks, composition, texture and classification, description and occurrence
260 _aNew York :
_bWiley,
_c1909
300 _a2 v.
_b: ilus
590 _aBATCH-UPD
_b10
_c20130110
_lUCH01
_h1759
590 _aBATCH-UPD
_b10
_c20130410
_lUCH01
_h1136
590 _aBATCH-UPD
_b10
_c20130914
_lUCH01
_h1629
590 _aCONVERSION
_b10
_c20130109
_lUCH01
_h1314
650 1 4 _aRocas ígneas.
_998166
901 _aBK
942 _cLIBRO
949 _a552.1 I33
_bBC
_cLIBRO
_d-67187
_eLIBRO
_fv.1
_h7886
_i29085
_si
999 _c24013
_d24013